Statistics for Countries that border Afghanistan

Click here to take the quiz!

General Stats

  • This quiz has been taken 19 times
  • The average score is 6 of 6

Answer Stats

Bordering Countries% Correct
Iran
100%
Pakistan
100%
Turkmenistan
100%
China
93%
Tajikistan
87%
Uzbekistan
87%

Score Distribution

Percentile by Number Answered

Percent of People with Each Score

Your Score History

You have not taken this quiz